Statistics for Countries That Recognise Taiwan

Click here to take the quiz!

General Stats

  • This quiz has been taken 69 times
    (45 since last reset)
  • The average score is 9 of 15

Answer Stats

HintAnswer% Correct
North AmericaNicaragua
74%
OceaniaPalau
74%
North AmericaBelize
69%
OceaniaNauru
69%
North AmericaGuatemala
67%
OceaniaTuvalu
67%
North AmericaHonduras
64%
North AmericaSt Kitts and Nevis
64%
North AmericaSt Lucia
64%
North AmericaSt Vincent and the Grenadines
64%
North AmericaHaiti
62%
South AmericaParaguay
62%
OceaniaMarshall Islands
56%
EuropeVatican City
51%
AfricaEswatini
38%

Score Distribution

Percentile by Number Answered

Percent of People with Each Score

Your Score History

You have not taken this quiz since the last reset